Imágenes de Caracas

Guardat en:
Dades bibliogràfiques
Autor principal: Ungaro de Fox, Lucía
Format: Llibre
Idioma:Undetermined
Publicat: Caracas, Venezuela M.A. García & Hijo 1965
Matèries:
Etiquetes: Afegir etiqueta
Sense etiquetes, Sigues el primer a etiquetar aquest registre!

MARC

LEADER 00000nam a2200000Ia 4500
008 170316s9999 xx 000 0 und d
040 |a cru BVZT 
090 |a 860 U-1i 
100 |a Ungaro de Fox, Lucía 
245 |a Imágenes de Caracas 
260 |a Caracas, Venezuela  |b M.A. García & Hijo  |c 1965 
300 |a [s.páginas] 
650 |a LITERATURA LATINOAMERICANA 
999 |c 9286  |d 9286 
942 |c 15 D  |h 860 U-1i  |2 z